000 00604nam a2200229Ia 4500
003 0100
005 20161215082437.0
008 130303s9999 xx 000 0 und d
020 _a0385048645
040 _cARRUPELIB
050 _aREF.BS192.2A11964.G3 1983
100 _aGoldstein, Jonathan A
_928057
245 _aII Maccabees
250 _a1st ed.
260 _aNew york
260 _bDoubleday & Co.
300 _axxiii
300 _b 595p. 25cm.
440 _aThe anchor bible series ; v. 41a
_928058
650 _aBible O.T. Maccabees
_xCommentaries
_928059
942 _2lcc
_cMONOGRAPH
999 _c24500
_d24500